Statistics for United States Map - 24 Piece Jigsaw Puzzle

Click here to take the quiz!

General Stats

  • This quiz has been taken 160 times
  • The average score is 18 of 24

Answer Stats

Answer % Correct
88%
82%
82%
80%
78%
77%
77%
76%
75%
75%
73%
73%
73%
72%
72%
70%
70%
70%
69%
69%
69%
68%
68%
62%

Score Distribution

Percentile by Number Answered

Percent of People with Each Score

Your Score History

You have not taken this quiz